Men's Wimbledon Champions by Picture - Statistics

General Stats
  • This quiz has been taken 53 times
    11 since last reset
  • The average score is 25 of 67
Answer Stats
Picture Hint Answer % Correct
2011 | 2014 | 2018 | 2019 | 2021 | 2022 Novak Djokovic
100%
2008 | 2010 Rafael Nadal
100%
2003 | 2004 | 2005 | 2006 | 2007 | 2009 | 2017 Roger Federer
100%
1992 Andre Agassi
90%
2013 | 2016 Andy Murray
90%
1976 | 1977 | 1978 | 1979 | 1980 Björn Borg
90%
2025 Jannik Sinner
90%
1981 | 1983 | 1984 John McEnroe
90%
1975 Arthur Ashe
80%
1985 | 1986 | 1989 Boris Becker
80%
2023 | 2024 Carlos Alcaraz
80%
1993 | 1994 | 1995 | 1997 | 1998 | 1999 | 2000 Pete Sampras
80%
1973 Jan Kodeš
70%
1967 | 1970 | 1971 John Newcombe
70%
2002 Lleyton Hewitt
70%
1987 Pat Cash
70%
1961 | 1962 | 1968 | 1969 Rod Laver
70%
1972 Stan Smith
70%
1988 | 1990 Stefan Edberg
70%
2001 Goran Ivanišević
60%
1974 | 1982 Jimmy Connors
60%
1991 Michael Stich
50%
1964 | 1965 Roy Emerson
50%
1934 | 1935 | 1936 Fred Perry
40%
1956 | 1957 Lew Hoad
40%
1996 Richard Krajicek
40%
1920 | 1921 | 1930 Bill Tilden
30%
1937 | 1938 Don Budge
30%
1966 Manuel Santana
30%
1925 | 1928 René Lacoste
30%
1901 | 1908 | 1909 Arthur Gore
20%
1939 Bobby Riggs
20%
1988 Ernest Renshaw
20%
1952 Frank Sedgman
20%
1927 | 1929 Henri Cochet
20%
1954 Jaroslav Drobný
20%
1924 | 1926 Jean Borotra
20%
1902 | 1903 | 1904 | 1905 | 1906 Laurence Doherty
20%
1960 Neale Fraser
20%
1897 | 1898 | 1899 | 1900 Reginald Doherty
20%
1877 Spencer Gore
20%
1955 Tony Trabert
20%
1953 Vic Seixas
20%
1881 | 1882 | 1883 | 1884 | 1885 | 1886 | 1889 William Renshaw
20%
1959 Alex Olmedo
10%
1910 | 1911 | 1912 | 1913 | 1914 Anthony Wilding
10%
1958 Ashley Cooper
10%
1923 Bill Johnston
10%
1948 Bob Falkenburg
10%
1950 Budge Patty
10%
1963 Chuck McKinley
10%
1951 Dick Savitt
10%
1932 Ellsworth Vines
10%
1878 Frank Hadow
10%
1919 | 1922 Gerald Patterson
10%
1896 Harold Mahony
10%
1887 Herbert Lawford
10%
1933 Jack Crawford
10%
1947 Jack Kramer
10%
1879 | 1880 John Hartley
10%
1893 | 1894 Joshua Pim
10%
1907 Norman Brooks
10%
1931 Sidney Wood
10%
1949 Ted Schroeder
10%
1891 | 1892 | 1895 Wilfred Baddeley
10%
1890 Willoughby Hamilton
10%
1946 Yvon Petra
10%
No matching quizzes found
Score Distribution
Percent of People with Each Score
Percentile by Number Answered
Your Score History
You have not taken this quiz since the last reset